| 000 | 02323nam0a2200385 4500 | ||
|---|---|---|---|
| 001 | RU\NLR\BIBL_A\011817502 | ||
| 005 | 20230322154433.0 | ||
| 010 |
_a978-5-16-013848-0 _bprint |
||
| 010 |
_a978-5-16-106531-0 _bonline _9500 |
||
| 021 |
_aRU _bКН-П-18-068064 _9КН-П-18-4894 |
||
| 035 | _a(NLR Aleph) 011817502 | ||
| 035 | _a(RuMoRGB)009742835 | ||
| 090 |
_a11947009 _c11947009 |
||
| 100 | _a20181010d2018 k y0rusy50 ca | ||
| 101 | 0 | _arus | |
| 102 | _aRU | ||
| 105 | _aa|||z|||000zy | ||
| 200 | 1 |
_aПротиворечия и вызовы евразийской интеграции _eпути преодоления _eмонография _f[Валовая Мария Дмитриевна - доктор экономических наук, профессор, Зубенко Вячеслав Васильевич - доктор экономических наук, профессор, Константинова Елена Анатольевна - кандидат экономических наук, доцент и др.] _gпод редакцией Л.Э. Слуцкого |
|
| 210 |
_aМосква _cИнфра-М _d2018 |
||
| 215 |
_a249, [1] с. _cил., табл. _d22 |
||
| 225 | 1 |
_aНаучная мысль _iПолитология |
|
| 300 | _aАвт. указаны на с. 3-4 | ||
| 320 | _aБиблиогр.: с. 228-248 (297 назв.) и в подстроч. примеч. | ||
| 607 |
_aСтраны Евразийского экономического союза _xЭкономические взаимоотношения _2nlr_sh2 _3RU\NLR\AUTH\6601676051 |
||
| 686 | 1 | _aУ9(2)80,3 | |
| 701 | 1 |
_aВаловая _bМ. Д. _cд-р экон. наук, канд. филол. наук _gМария Дмитриевна _3RU\NLR\AUTH\770150238 |
|
| 701 | 1 |
_aЗубенко _bВ. В. _cд-р экон. наук _gВячеслав Васильевич _3RU\NLR\AUTH\770196780 |
|
| 701 | 1 |
_aКонстантинова _bЕ. А. _cканд. экон. наук _gЕлена Анатольевна _3RU\NLR\AUTH\770196787 |
|
| 702 | 1 |
_aСлуцкий _bЛ. Э. _f1968- _gЛеонид Эдуардович _4340 |
|
| 942 | _cBOOK | ||
| 980 | _aNBR | ||
| 980 | _aNB | ||